Canadian Geography by Letter - B - Statistics

General Stats
  • This quiz has been taken 34 times
  • The average score is 7 of 20
Answer Stats
Hint Answer % Correct
Western-most province British Columbia
100%
Largest island in Canada, 5th largest in the world {Baffin} Island
96%
Canada's oldest national park Banff
78%
Province named in honour of German territory held by George III New {Brunswick}
63%
Sea located to the north of Yukon and Northwest Territories {Beaufort} Sea
44%
Biome that stretches across much of Canada {Boreal} forest
33%
Lake in the center of Cape Breton Island in Nova Scotia. Means 'arm of gold' in French {Bras d'Or} Lake
33%
Central Ontario city known as 'The Gateway to Cottage Country' Barrie
30%
Ontario city with Canada's largest Sikh community Brampton
30%
Second largest city in Manitoba Brandon
30%
First Nation that inhabited Newfoundland before European settlement Beothuk
19%
Toronto airport named after WWI fighter pilot {Billy Bishop} Airport
19%
Glacier-fed river that runs through the most populated region of Alberta {Bow} River
19%
Dry, rocky region with significant dinosaur fossil reserves found in southern Alberta Badlands
15%
Nova Scotian home to Alexander Graham Bell and his estate Beinn Bhreagh Baddeck
11%
Epicenter of the Cariboo Gold Rush in British Columbia. Now a ghost town Barkerville
7%
Ontario city named after a Mohawk chief during the American Revolutionary War Brantford
7%
Ontario town named after British general from the War of 1812 Brockville
7%
Fossil deposit in the Rocky Mountains from the Cambrian period {Burgess} Shale
7%
Star-shaped fort built by the French to defend Isthmus of Chignecto from the British Fort {Beauséjour}
7%
No matching quizzes found
Score Distribution
Percent of People with Each Score
Percentile by Number Answered
Your Score History
You have not taken this quiz